Pájaros del crepúsculo

Збережено в:
Бібліографічні деталі
Автор: Matsubara, Hisako (autora)
Формат: Книга
Мова:Іспанська
Опубліковано: Barcelona Tusquets 1988
Серія:Colección Andanzas
Предмети:
Теги: Додати тег
Немає тегів, Будьте першим, хто поставить тег для цього запису!

MARC

LEADER 00000nam a2200000 a 4500
001 UCR5019
003 CL-VaPUC
008 980320e19880000SP |||||||||||||||||spa|d
082 0 4 |a 895.603  |b MAT  |2 21 
100 |a Matsubara, Hisako  |e autora  |9 405658 
245 1 0 |a Pájaros del crepúsculo 
300 |a 242 p 
942 |c BK 
945 |d 19980320 00:00:00  |a rbrito 
260 |a Barcelona  |b Tusquets  |c 1988 
650 7 |a NOVELAS JAPONESAS  |2 CL-VaPUC  |9 405659 
583 |a last modification  |c 19980320 00:00:00  |k Rodrigo Vera 
490 0 |a Colección Andanzas 
999 |c 267764  |d 267762 
952 |0 0  |1 0  |4 0  |6 895_603000000000000_MAT_1988  |7 0  |8 A  |9 300279  |a BIBGIM  |b BIBGIM  |d 2019-11-20  |i 3407241  |l 3  |o 895.603 MAT 1988  |p 3407241  |r 2025-03-06  |s 2025-03-06  |w 2019-11-20  |y BK  |k ORI